Quiz sur la coupe du monde de football - Statistiques

Statistiques générales
  • Ce quiz a été pris 177 fois
  • Le résultat moyen est 7 sur 15
Statistiques - réponses
Question Réponse % Correct
Pendant cette même coupe du monde, la RFA a conclu un accord avec un pays pour sortir des phases de poules: leur affrontement est resté dans l'histoire comme étant le "match de la honte", car les deux équipes ont joué passivement pour se qualifier toutes les deux, au détriment de l'Algérie. Quel était l'autre pays? Autriche
79%
Lors de la coupe du monde 1982, le dirigeant d'un pays est descendu sur la pelouse en plein match pour ordonner à l'arbitre de retirer un but à l'équipe de France, ce qu'il fit. De quel pays venait ce dirigeant? Koweit
71%
Quelle équipe a subi la déferlante offensive brésilienne en finale de la coupe du monde 1958 (5-2)? Suède
69%
Lors du quart de finale Uruguay-Ghana en 2010, alors que le score est de 1-1, Luis Suarez contre sur sa ligne de but une tête ghanéenne en utilisant sa main, et est logiquement explusé. Quel ghanéen tira le penalty sur le poteau, manquant ainsi l'occasion d'offrir un avantage décisif au Ghana? Asamoah Gyan
66%
Lors de la coupe du monde 2006, laquelle de ces équipes a affronté les Pays-Bas dans un match ultraviolent (20 cartons, dont 4 rouges) surnommé "la bataille de Nuremberg"? Portugal
63%
En finale de la coupe du monde 2010, quel joueur espagnol subit un véritable attentat de la part du néerlandais Nigel de Jong, qui lui enfonça ses crampons dans le torse? Xabi Alonso
60%
Quel joueur italien a inscrit le but décisif lors de la demi-finale Italie-RFA de 1970, surnommée le "match du siècle" pour son scénario épique? Gianni Rivera
54%
Quel joueur argentin n'a PAS marqué en finale de la coupe du monde 1986? Diego Maradona
53%
Comment les Brésiliens ont-ils surnommé le match Uruguay-Brésil de 1950, une défaite qui priva les brésiliens du titre mondial? Maracanaço
50%
Quel est le pays à avoir le plus échoué en finale de la coupe du monde? Allemagne (RFA inclus)
43%
Qu'est-il arrivé à Byron Moreno, l'arbitre du très controversé Italie-Corée du Sud lors de la coupe du monde 2002? Arrêté à l'aéroport JFK pour possession d'héroïne
35%
Quelle était la nationalité de l'arbitre qui a accordé le "but fantôme" à l'Angleterre lors de la finale de la coupe du monde 1966? URSS
35%
Lequel de ces joueurs italiens n'a PAS marqué en finale de la coupe du monde 1982, face à la RFA? Bruno Conti
31%
Lequel de ces joueurs n'a PAS été expulsé en finale? Mark van Bommel
31%
Combien de joueurs allemands ont marqué au moins 10 buts en coupe du monde? 5
3%
Aucun quiz correspondant
Distribution des résultats
% des personnes avec chaque résultat
Percentile par nombre de réponses
Votre historique - résultats
Vous n’avez pas pris ce quiz